Catalog

Record Details

Catalog Search



Dobré jitro, přátelé  Cover Image Book Book

Dobré jitro, přátelé / Jan Schwarz

Record details

  • ISBN: 978-80-204-1632-2
  • Physical Description: 212 i. : il. ; 21 cm
  • Edition: Vyd. 1.
  • Publisher: Praha : Mladá fronta, 2008
Subject: Schwarz, Jan, 1958-
křesťané > Česko > 20.-21. stol.
křesťanský život
každodenní život
životní moudrost
křesťanská víra
Genre: české prózy
autobiografické prózy
úvahy

Available copies

  • 1 of 1 copy available at Common Catalog SPOK.

Holds

  • 0 current holds with 1 total copy.
Show Only Available Copies
Location Call Number / Copy Notes Barcode Shelving Location Status Due Date
Jabok Library BL-1/Sch 424480039556 Beletrie Available -

LDR 01597cam a22004817a 4500
00124674
003CZ-PrJAB
00520170530141609.0
008080310s2008 xr a g 000 edcze d
020 . ‡a978-80-204-1632-2 ‡q(váz.)
035 . ‡a(CZ PrCU)001925255
035 . ‡a(OCoLC)237190869
040 . ‡aKLG001 ‡bcze ‡dBOA001 ‡dABD156
045 . ‡ax5y0
072 7. ‡a821.162.3-3 ‡xČeská próza ‡2Konspekt ‡925
080 . ‡a821.162.3-3 ‡2MRF
080 . ‡a27-726.6 ‡2MRF
080 . ‡a27-4 ‡2MRF
080 . ‡a316.728 ‡2MRF
080 . ‡a17.02 ‡2MRF
080 . ‡a27-184.3 ‡2MRF
080 . ‡a(437.3) ‡2MRF
080 . ‡a(0:82-322.6) ‡2MRF
080 . ‡a(0:82-4) ‡2MRF
1001 . ‡aSchwarz, Jan, ‡d1958- ‡7jn20000710505 ‡4aut
24510. ‡aDobré jitro, přátelé / ‡cJan Schwarz
250 . ‡aVyd. 1.
260 . ‡aPraha : ‡bMladá fronta, ‡c2008
300 . ‡a212 i. : ‡bil. ; ‡c21 cm
60017. ‡aSchwarz, Jan, ‡d1958- ‡7jn20000710505 ‡2czenas
648 4. ‡a1958-2007
65007. ‡akřesťané ‡7ph122150 ‡zČesko ‡y20.-21. stol. ‡2czenas
65007. ‡akřesťanský život ‡7ph122132 ‡2czenas
65007. ‡akaždodenní život ‡7ph121555 ‡2czenas
65007. ‡aživotní moudrost ‡7ph128026 ‡2czenas
65007. ‡akřesťanská víra ‡7ph122113 ‡2czenas
655 7. ‡ačeské prózy ‡7fd133972 ‡2czenas
655 7. ‡aautobiografické prózy ‡7fd131850 ‡2czenas
655 7. ‡aúvahy ‡7fd134000 ‡2czenas
910 . ‡aABG312
901 . ‡a24674 ‡b ‡c24674 ‡tbiblio

Additional Resources